Отчеты о деятельности железнодорожного отдела при Совете съездов за 1912-1913 годы и 1914-1915 годы

Доступно только в Электронных читальных залах Найти на картеНа карте
RUSMARC
00003631nmc2a22002413x 450
0014a523142-5678-461c-a292-3c30a6788f3e
00520210305235257.0
100##$a20200908l18801918k l0rusy0189 ca
1010#$arus
102##$aRU
105##$ay###
1222#$ad
2001#$aОтчеты о деятельности железнодорожного отдела при Совете съездов за 1912-1913 годы и 1914-1915 годы
$jбез даты
215##$a93 л.
$d36,5х26 см
251##$cДело
300##$aОтдел транспортный, подотдел железнодорожный
371##$aДокумент не является опубликованным и широко распространяемым
461#0$1001462bc950-73da-43c4-909a-7b2c52d22778
$12001
$aСовет съездов представителей промышленности и торговли
$1251
$cФонд
$1852
$j32
462#0$10016d63d908-4edb-4782-94eb-bfaf477d4f70
$12001
$aОпись № 1
$1251
$cОпись
$1852
$j1
801#0$aRU
$bРГИА
$c20200908
$gRCR
801#1$aRU
$bГлавНИВЦ
$c20200908
$2rusmarc
801#2$aRU
$bПБ им. Б.Н. Ельцина
$c20210305
$gRCR
$2rusmarc
850##$aРГИА
852##$aРГИА
$eФедеральное казенное учреждение "Российский государственный исторический архив" (РГИА)
$j653
937##$hРГИА
$d12350015
$aASBIBLIO_SCAN
035##$aRusGRCC00012026
856##$uhttp://readingroom.main.prlib.ru/item.aspx?id_node=n158172895&mode=full
Формат отображения